00791nam a2200169 a 4500008004100000050002200041100001800063245012600081246005600207260006900263350000900332650001300341650002900354995009400383999001700477952012700494060605s2005 xx |||||||||||||| || u aCBU-PG THESIS/MOO aMoonga, Mason14aThe impact of changes of central government policies on operations of local councilscMBA thesis supervised by John Lungu aa case of Ndola City and Chipata Municipal Councils abCopperbelt University, School of Business, MBA Programmec2005 a0.00 0aBUSINESS aLOCAL GOVERNMENT--ZAMBIA D0.00FCBU-MAIN LIBRARY (Kitwe)H1I0.00M1UAVAILABLEWJun 5, 2006ZUniversity Collection c46229d46229 00102lcc4070a001b001cUniversity Collectiond2022-11-30l0oCBU-PG THESIS/MOOpZ03000355r2022-11-30w2022-11-30y002